<?xml version="1.0" encoding="UTF-8"?>
<marc:record xmlns:marc="http://www.loc.gov/MARC21/slim">
   <marc:leader>00000nam a2200000 a 4500</marc:leader>
   <marc:datafield ind1="1" ind2=" " tag="100">
      <marc:subfield code="a">Kaiser, Vea</marc:subfield>
      <marc:subfield code="4">aut</marc:subfield>
      <marc:subfield code="e">Verfasser/-in</marc:subfield>
   </marc:datafield>
   <marc:datafield ind1=" " ind2=" " tag="653">
      <marc:subfield code="a">Gesellschaftsroman</marc:subfield>
   </marc:datafield>
   <marc:datafield ind1="0" ind2="0" tag="245">
      <marc:subfield code="a">Makarionissi</marc:subfield>
   </marc:datafield>
   <marc:datafield ind1="0" ind2="0" tag="245">
      <marc:subfield code="b">oder Die Insel der Seligen ; Roman</marc:subfield>
   </marc:datafield>
   <marc:datafield ind1=" " ind2="1" tag="264">
      <marc:subfield code="b">Kiepenheuer &amp; Witsch</marc:subfield>
      <marc:subfield code="c">2015</marc:subfield>
   </marc:datafield>
   <marc:datafield ind1="1" ind2=" " tag="520">
      <marc:subfield code="a">Von Griechenland bis in die österreichische Provinz. Von den Fünfzigerjahren bis in die Gegenwart. In ihrem neuen Roman erzählt Vea Kaiser in ihrem einzigartigen Ton von einer unvergesslichen Familie, die auseinandergerissen wird, um zusammenzufinden.Alles beginnt mit einem vom Krieg entzweiten Dorf an der griechisch-albanischen Grenze. Mit Yiayia Maria, einer Großmutter und Kupplerin par excellence, die keine Intrige scheut, um den Fortbestand ihrer Familie zu sichern.</marc:subfield>
   </marc:datafield>
   <marc:datafield ind1=" " ind2=" " tag="020">
      <marc:subfield code="a">9783462047424</marc:subfield>
      <marc:subfield code="9">9783462047424</marc:subfield>
   </marc:datafield>
</marc:record>
